Food for the few : neoliberal globalism and biotechnology in Latin America /

Bibliographic Details
Other Authors: Otero, Gerardo
Format: Book
Language:English
Published: Austin : University of Texas Press, 2008.
Edition:1st ed.
Subjects:

MARC

Tag First Indicator Second Indicator Subfields
LEADER 00000cam a22000004a 4500
001 in00002400021
005 20151109110706.0
008 071025s2008 txuab b s001 0 eng
010 |a  2007043301 
015 |a GBA870505  |2 bnb 
016 7 |a 014626573  |2 Uk 
020 |a 9780292717701 (cloth : alk. paper) 
020 |a 0292717709 (cloth : alk. paper) 
035 |a (OCoLC)ocn179786759 
035 |a (OCoLC)179786759 
040 |a DLC  |c DLC  |d BTCTA  |d BAKER  |d YDXCP  |d UKM  |d C#P  |d BWX  |d CDX  |d UtOrBLW 
043 |a cl----- 
049 |a TXAM 
050 0 0 |a HD1790.5  |b .F66 2008 
082 0 0 |a 338.1098  |2 22 
245 0 0 |a Food for the few :  |b neoliberal globalism and biotechnology in Latin America /  |c edited by Gerardo Otero. 
250 |a 1st ed. 
264 1 |a Austin :  |b University of Texas Press,  |c 2008. 
300 |a xiii, 321 pages :  |b illustrations, maps ;  |c 24 cm. 
336 |a text  |b txt  |2 rdacontent 
337 |a unmediated  |b n  |2 rdamedia 
338 |a volume  |b nc  |2 rdacarrier 
504 |a Includes bibliographical references and index. 
650 0 |a Agriculture  |x Economic aspects  |z Latin America. 
650 0 |a Agricultural biotechnology  |z Latin America. 
650 0 |a Farmers  |z Latin America. 
650 0 |a Produce trade  |z Latin America. 
650 0 |a Agriculture  |x Social aspects  |z Latin America. 
700 1 |a Otero, Gerardo. 
938 |a YBP Library Services  |b YANK  |n 2788312 
938 |a Baker & Taylor  |b BKTY  |c 45.00  |d 45.00  |i 0292717709  |n 0007489006  |s active 
938 |a Baker and Taylor  |b BTCP  |n 2007043301 
938 |a Blackwell Book Service  |b BBUS  |n R9726120  |c $45.00 
938 |a Coutts Information Services  |b COUT  |n 6410116 
945 |a PromptCat  |b 499278 
946 |a stk 
947 |a A14836739692 
994 |a 92  |b TXA 
948 |a cataloged  |b h  |d 2008/9/10  |h c  |e asalazar  |f 2:01:41 pm 
999 |a MARS 
999 f f |s c57678af-0304-339d-b59b-5c62ebb5e0ca  |i eb73714b-8822-3861-aed7-1f8655126281  |t 0 
952 f f |p normal  |a Texas A&M University  |b College Station  |c Sterling C. Evans Library  |d Evans: Library Stacks  |t 0  |e HD1790.5 .F66 2008  |h Library of Congress classification  |i unmediated -- volume  |m A14836739692 
998 f f |a HD1790.5 .F66 2008  |t 0  |l Evans: Library Stacks